| 000 | 00496nam a2200169 i 4500 | ||
|---|---|---|---|
| 001 | 52455 | ||
| 003 | ES-MaACL | ||
| 005 | 20230906162602.0 | ||
| 007 | t| | ||
| 008 | 030829s1973 an ||||1| spa d | ||
| 100 | 1 |
_aDavenat, Colette. _942860 |
|
| 245 | 1 | 0 |
_aDeborah _b: la primavera de los amores / _cColette Davenat ; [versión de J.L.B.]. |
| 260 |
_a[Barcelona : _bLuis de Caralt, _c1973] |
||
| 300 |
_a383 p. ; _c20 cm. |
||
| 700 | 1 |
_aJ. L. B. _965770 |
|
| 852 |
_aES-MaACL _jC-49936 _bR.85115 |
||
| 999 |
_c52455 _d52455 |
||